<?xml version="1.0" encoding="UTF-8"?>
<record
    xmlns:xsi="http://www.w3.org/2001/XMLSchema-instance"
    xsi:schemaLocation="http://www.loc.gov/MARC21/slim http://www.loc.gov/standards/marcxml/schema/MARC21slim.xsd"
    xmlns="http://www.loc.gov/MARC21/slim">

  <leader>01945nam a2200397 i 4500</leader>
  <controlfield tag="001">60785</controlfield>
  <controlfield tag="003">CO-BoRNBP</controlfield>
  <controlfield tag="005">20260318133638.0</controlfield>
  <controlfield tag="007">ta</controlfield>
  <controlfield tag="008">210813s2009    sp a   ar     000 p s   d</controlfield>
  <datafield tag="020" ind1=" " ind2=" ">
    <subfield code="a">9788492608171</subfield>
  </datafield>
  <datafield tag="040" ind1=" " ind2=" ">
    <subfield code="a">CO-BoRNBP</subfield>
    <subfield code="b">spa</subfield>
    <subfield code="e">rda</subfield>
    <subfield code="c">CO-BoRNBP</subfield>
  </datafield>
  <datafield tag="041" ind1="1" ind2=" ">
    <subfield code="a">spa</subfield>
    <subfield code="h">por</subfield>
  </datafield>
  <datafield tag="043" ind1=" " ind2=" ">
    <subfield code="a">e-po---</subfield>
  </datafield>
  <datafield tag="084" ind1=" " ind2=" ">
    <subfield code="a">P</subfield>
  </datafield>
  <datafield tag="100" ind1="1" ind2=" ">
    <subfield code="a">M&#xE9;sseder, Jo&#xE4;o Pedro,</subfield>
    <subfield code="d">1957- ,</subfield>
    <subfield code="e">aut</subfield>
    <subfield code="9">63813</subfield>
  </datafield>
  <datafield tag="245" ind1="1" ind2="3">
    <subfield code="a">El tiempo vuela /</subfield>
    <subfield code="c">Joao Pedro M&#xE9;sseder ; ilustraciones de G&#xE9;meo Lu&#xED;s ; traducci&#xF3;n de Xos&#xE9; Ballesteros.</subfield>
  </datafield>
  <datafield tag="250" ind1=" " ind2=" ">
    <subfield code="a">Primera edici&#xF3;n</subfield>
  </datafield>
  <datafield tag="264" ind1=" " ind2="1">
    <subfield code="a">Sevilla, Espa&#xF1;a :</subfield>
    <subfield code="b">Kalandraka Ediciones,</subfield>
    <subfield code="c">2009.</subfield>
  </datafield>
  <datafield tag="300" ind1=" " ind2=" ">
    <subfield code="a">[28] p&#xE1;ginas :</subfield>
    <subfield code="b">ilustraciones a color ;</subfield>
    <subfield code="c">22 cm.</subfield>
  </datafield>
  <datafield tag="336" ind1=" " ind2=" ">
    <subfield code="a">texto</subfield>
    <subfield code="b">txt</subfield>
    <subfield code="2">rdacontent</subfield>
  </datafield>
  <datafield tag="337" ind1=" " ind2=" ">
    <subfield code="a">sin mediaci&#xF3;n</subfield>
    <subfield code="b">n</subfield>
    <subfield code="2">rdamedia</subfield>
  </datafield>
  <datafield tag="338" ind1=" " ind2=" ">
    <subfield code="a">volumen</subfield>
    <subfield code="b">nc</subfield>
    <subfield code="2">rdacarrier</subfield>
  </datafield>
  <datafield tag="490" ind1="0" ind2=" ">
    <subfield code="a">Libros para so&#xF1;ar</subfield>
  </datafield>
  <datafield tag="520" ind1="1" ind2=" ">
    <subfield code="a">&#xBF;Cu&#xE1;ntos meses tiene un a&#xF1;o? &#x2013;Doce meses, &#xBF;quieres m&#xE1;s? &#x2013;Quisiera tener los doce y otro para descansar. El tiempo es la materia prima de la que estamos hechos: segundos, minutos, horas, d&#xED;as, semanas, meses, a&#xF1;os... Este libro nos ofrece otra mirada alternativa sobre esa medida y nos da a conocer otra clase de relojes: &#x201C;&#xE9;sos donde nunca se sabe qu&#xE9; hora es&#x201D;, en palabras de &#xC1;lvaro Magalh&#xE3;es. Acostumbrados a preguntar la hora, este &#xE1;lbum sugiere lo opuesto: preguntar la hora que no es. (Tomado de la fuente).</subfield>
  </datafield>
  <datafield tag="521" ind1="1" ind2=" ">
    <subfield code="a">Recomendado para un p&#xFA;blico infantil mayor de 3 a&#xF1;os.</subfield>
  </datafield>
  <datafield tag="534" ind1=" " ind2=" ">
    <subfield code="t">Trocar &#xE0;s voltas ao tempo.</subfield>
  </datafield>
  <datafield tag="650" ind1="1" ind2="7">
    <subfield code="a">Poes&#xED;a infantil portuguesa</subfield>
    <subfield code="y">Siglo XX</subfield>
    <subfield code="2">rnbp</subfield>
    <subfield code="9">63815</subfield>
  </datafield>
  <datafield tag="650" ind1="1" ind2="7">
    <subfield code="a">Literatura infantil portuguesa</subfield>
    <subfield code="y">Siglo XX</subfield>
    <subfield code="2">rnbp</subfield>
    <subfield code="9">989</subfield>
  </datafield>
  <datafield tag="650" ind1="1" ind2="7">
    <subfield code="a">Tiempo en la literatura</subfield>
    <subfield code="2">rnbp</subfield>
    <subfield code="9">1616</subfield>
  </datafield>
  <datafield tag="650" ind1="1" ind2="7">
    <subfield code="a">Relojes en la literatura</subfield>
    <subfield code="2">rnbp</subfield>
    <subfield code="9">69502</subfield>
  </datafield>
  <datafield tag="650" ind1="1" ind2="7">
    <subfield code="a">Calendarios en la literatura</subfield>
    <subfield code="2">rnbp</subfield>
    <subfield code="9">69503</subfield>
  </datafield>
  <datafield tag="700" ind1="1" ind2=" ">
    <subfield code="a">Lu&#xED;s, G&#xE9;meo,</subfield>
    <subfield code="d">1965- ,</subfield>
    <subfield code="e">ill</subfield>
    <subfield code="9">63818</subfield>
  </datafield>
  <datafield tag="700" ind1="1" ind2=" ">
    <subfield code="a">Ballesteros, Xos&#xE9;,</subfield>
    <subfield code="d">1956- ,</subfield>
    <subfield code="e">trl</subfield>
    <subfield code="9">59624</subfield>
  </datafield>
  <datafield tag="942" ind1=" " ind2=" ">
    <subfield code="2">loc</subfield>
    <subfield code="c">BKLITI</subfield>
    <subfield code="n">0</subfield>
  </datafield>
  <datafield tag="999" ind1=" " ind2=" ">
    <subfield code="c">60785</subfield>
    <subfield code="d">60785</subfield>
  </datafield>
  <datafield tag="952" ind1=" " ind2=" ">
    <subfield code="0">0</subfield>
    <subfield code="1">0</subfield>
    <subfield code="2">ddc</subfield>
    <subfield code="4">0</subfield>
    <subfield code="7">0</subfield>
    <subfield code="a">MECASARI</subfield>
    <subfield code="b">MECASARI</subfield>
    <subfield code="d">2026-03-18</subfield>
    <subfield code="l">0</subfield>
    <subfield code="o">P</subfield>
    <subfield code="p">MDA100181</subfield>
    <subfield code="r">2026-03-18 13:36:58</subfield>
    <subfield code="t">Ej.1</subfield>
    <subfield code="w">2026-03-18</subfield>
    <subfield code="y">BKLITI</subfield>
  </datafield>
</record>
